Δημήτρης Καλαμάρας : σχέδια, ζωγραφική, γλυπτική

Αποθηκεύτηκε σε:
Λεπτομέρειες βιβλιογραφικής εγγραφής
Κύριος συγγραφέας: Καλαμάρας, Δημήτρης, 1924-1997
Άλλοι συγγραφείς: Μοσχονά, Άννα (Επιμελητής έκδοσης)
Μορφή: Βιβλίο
Γλώσσα:Greek
Δημοσίευση: Αθήνα : [χ.ο.], 1993.
Θέματα:
Ετικέτες: Προσθήκη ετικέτας
Δεν υπάρχουν, Καταχωρήστε ετικέτα πρώτοι!

MARC

LEADER 00000cam a2200000 i 4500
001 1/85957
008 050920s1993 gr | ||| |||| ||gre||
020 |a 9602205601 
035 |l 10080425 
040 |a GR-MyUA  |b gre  |e AACR2 
041 0 |a gre 
082 0 |a 730.09495  |2 (22) 
100 1 |a Καλαμάρας, Δημήτρης,   |d 1924-1997. 
245 1 0 |a Δημήτρης Καλαμάρας :   |b σχέδια, ζωγραφική, γλυπτική /   |c επιλογή έργων & επιμέλεια, Αννα Μοσχονά.  
260 |a Αθήνα :   |b [χ.ο.],   |c 1993.  
300 |a 239 σ. :   |b εγχρ., εικ. ;   |c 28 εκ.  
600 1 0 |a Καλαμάρας, Δημήτρης,   |d 1924-1997. 
650 0 0 |a Art, Modern  |y 20th century  |z Greece. 
650 0 0 |a Sculptors  |z Greece. 
650 0 0 |a Sculpture  |z Greece  |y 20th century. 
650 0 0 |a Painters  |z Greece. 
700 1 |a Μοσχονά, Άννα,  |e edt 
852 |a INST  |b SAMOS  |e 20050920  |h 730.09495 ΚΑΛ  |p 005300022943  |q 005300022943  |t BK  |y 0 
901 |a BIBL3-2005-3 
909 |a Σ  |b 113928 
970 |a Κοσιέρης  |b Χρήστος  |z 2005/09/20